00395cam a2200157ua 450000100060000000800390000602000180004504000090006304100080007208200100008010000340009024500560012426000310018030000110021165300150022211037190805n ii |||gr||||Z||||||eng a9789353593841 cMAIN aeng a338.5 aGautam Purakayastha,eAuthor. aIntroductory microeconomicscBy Gautam Purakayastha aLudhiana:bKalyani,c2019. a9.56p. aProduction